| 000 | 00794nam a2200229Ii 4500 | ||
|---|---|---|---|
| 003 | JO-AjNU | ||
| 008 | 230605s9999||||xx |||||||||||||| ||und|| | ||
| 017 | _a2007/2194 | ||
| 020 | _a977/287/689/2 | ||
| 040 |
_aJO-AjNU _bara _erda _cJO-AjNU |
||
| 041 | _aara | ||
| 050 | 1 | 4 | _aQA76 2007 |
| 100 | 3 |
_aعبدالحافظ ، محمد كامل, _eauthor _927909 |
|
| 245 | 0 | 0 | _aالمرجع الشامل لشرح مايا، ج2 |
| 264 | 3 | 1 | _aالقاهرة:دار الكتب العلمية ، 2007 |
| 300 | _aج2، 688ص | ||
| 336 |
_atext _btxt _2rdacontent |
||
| 337 |
_aunmediated _bn _2rdamedia |
||
| 338 |
_avolume _bnc _2rdacarrier |
||
| 490 | 0 | _aسلسلة مايا التعليمية الكتاب الثاني | |
| 650 | 4 |
_aالحاسبات الالكترونية -برامج _927910 |
|
| 999 |
_aA10761 _c14329 _d14329 |
||